Reformbestrebungen der tschechischen Priester und die Entstehung der "Tschechoslowakischen Kirche"
| Titel: | Reformbestrebungen der tschechischen Priester und die Entstehung der "Tschechoslowakischen Kirche" |
|---|---|
| Verfasser: | |
| In: |
Römische historische Mitteilungen, Band 51 (2009), Seite 337-368 alle Artikel anzeigen |
| Veröffentlicht: | 2009 |
| Format: | Aufsatz |
| Sprache: | Deutsch |
X
alg: 39263682 001A $01999:11-11-16 001B $03025:25-01-24 $t14:02:49.000 001C $06050:19-11-16 $t08:50:54.000 001D $01999:11-11-16 001U $0utf8 001X $00 002@ $0Aox 003@ $0392636824 006N $000179321 007A $0392636824 $aHEB 007D $asw091217 007I $0swets150347612 007T $0Herdc0083266m 010@ $ager 011@ $a2009 021A $aReformbestrebungen der tschechischen Priester und die Entstehung der "Tschechoslowakischen Kirche" 028A $BVerfasser $#Hrabovec, Emilia $4aut $7123944740 $8Hrabovec, Emilia$Z1964- [Tp1] $9154738638 031A $d51 $h337-368 $j2009 039B $aIn $8--Abvc--. Römische historische Mitteilungen . - Wien : Verl. d. Österreichischen Akad. d. Wissenschaften, 1958-. - ISSN 0080-3790 $x200900000510000663 $9047289082 045F $a200.94371 $eDDC23BSB 045F/01 $a200.9 045F/03 $g4371 045F/03 $g4373 045T $a1 $a8 lok: 39263682 78 exp: 39263682 78 1 #EPN 201B/01 $001-12-20 $t14:38:57.000 201U/01 $0utf8 203@/01 $0788735519 208@/01 $a11-11-16 $be 209A/01 $a/ $f000 $x00 209S/01 $uhttp://dx.doi.org/10.1553/rhm51s337 $XH 220C/01 $aTitelaufnehmer: pg 220C/01 $aHerkunft: HI Marburg 220C/01 $aAnmerkung: *NG 244Z/01 $#Tschechien $#Tschechische Republik $#Tschechische Republik $#Tschechenland $#Tschechei Tschechien $#Česká Republika $#Czech Republic $#ČR $74303381-7 $8--Tg1--Tschechien $x01 $9086659812 244Z/01 $2Trx $#Böhmen $#Bohemia $#Czechy $8--Trx--Čechy $x02 $9391188941 244Z/01 $2Trx $#Slowakische Republik $#Szlovák Köztársaság $#Republika Słowacka $#Slovenská Republika $#Slovensko $#Slowakei $#Słowacja $#Slovensko $8--Trx--Slovenská Republika $x03 $9391345796 244Z/01 $aGeschichte 1919 $x04 244Z/01 $2Trx $#kirik, Tšehhoslovakkia hussiidi $#bažnyčia, husitų $#Czechoslovak Hussite Church $#egyház, csehszlovák huszita $#kościół czechosłowacki $#cirkev československá husitská $#církev československá husitská $#Kirche, hussitische $#kościół husycki $#cirkev husitská $#církev husitská $8--Trx--Kirche, tschechoslowakische hussitische $x05 $9391380036 244Z/01 $2Trx $8--Trx--Zeitschriftenaufsatz $x06 $9391384341 244Z/01 $2Trx $8--Trx--elektronische Ressource $x07 $939138452X 245Z/01 $a10.02.02.03 $x01 247C/01 $82080>Marburg/Lahn, Herder-Institut, Forschungsbibliothek, Bibliographieportal $9336309341
| LEADER | 00000caa a22000002c 4500 | ||
|---|---|---|---|
| 001 | 392636824 | ||
| 003 | DE-603 | ||
| 005 | 20240125140249.0 | ||
| 007 | tu | ||
| 008 | 161111s2009 xx |||| | u00||u|ger c | ||
| 035 | |a (DE-599)HEB392636824 | ||
| 035 | |a (NL-LiSWE)00179321 | ||
| 040 | |a DE-603 |b ger |c DE-603 |d DE-603 | ||
| 041 | |a ger | ||
| 082 | 0 | 4 | |8 1\u |a 200.94371 |q DE-101 |2 23/BSB |
| 084 | |a 1 |a 8 |2 ssgn | ||
| 085 | |8 1\u |b 200.9 | ||
| 085 | |8 1\u |z 2 |s 4371 | ||
| 085 | |8 1\u |z 2 |s 4373 | ||
| 100 | 1 | |a Hrabovec, Emilia |d 1964- |e Verfasser |4 aut |0 (DE-603)154738638 |0 (DE-588)123944740 |2 gnd | |
| 245 | 0 | 0 | |a Reformbestrebungen der tschechischen Priester und die Entstehung der "Tschechoslowakischen Kirche" |
| 264 | 0 | |c 2009 | |
| 773 | 0 | 8 | |i In |t Römische historische Mitteilungen |d Wien : Verl. d. Österreichischen Akad. d. Wissenschaften, 1958- |x 0080-3790 |g Band 51 (2009), Seite 337-368 |w (DE-603)047289082 |w (DE-600)206126-0 |
| 924 | 0 | |9 2080 |a (DE-603)788735519 |b DE-2080 |c HES |d d |g / |k http://dx.doi.org/10.1553/rhm51s337 | |


